Skip to content
VuFind
All Fields
Title
Author
Subject
Call Number
ISBN/ISSN
Tag
Find
Advanced
Tenaga Nuklear
Cite this
Print
Export Record
Export to RefWorks
Export to EndNoteWeb
Export to EndNote
Export to MARC
Tenaga Nuklear
Bibliographic Details
Format:
Book
Holdings
Description
Similar Items
Staff View
MARC
LEADER
00000cam a2200000 7i4500
001
0000007077
002
000007616
005
20000330.0
020
|a
T000000596
090
0
0
|a
J 333
|b
SUM
245
1
0
|a
Tenaga Nuklear
999
|a
000599
|b
BUKU
|c
PINJAMAN
|e
PERPUSTAKAAN KOMUNITI PETALING JAYA
Similar Items
Tenaga matahari,air dan angin
by: Zurai
Published: (1986)
Tenaga nuklear
by: Amin Asyraf
Published: (2016)
Rainforests
by: Hadden, Sue
Published: (1991)
Tembakau
by: Fox, Julian
Published: (1983)
Life in rainforests
by: Baker, Lucy
Published: (1991)